International Handbook of Inter-religious Education
This Handbook has the potential to redress the distortion of information about particular religions, to add to understanding about what religions have in common, and to suggest how they can work together for justice and peace. In the present day there is a vital resurgence of interest in religions,...
| Main Author: | |
|---|---|
| Contributors: | ; ; |
| Format: | Electronic Book |
| Language: | English |
| Check availability: | HBZ Gateway |
| WorldCat: | WorldCat |
| Interlibrary Loan: | Interlibrary Loan for the Fachinformationsdienste (Specialized Information Services in Germany) |
| Published: |
Dordrecht Heidelberg London New York
Springer
2010
|
| In: | Year: 2010 |
| Series/Journal: | International Handbooks of Religion and Education
4 SpringerLink Bücher |
| Standardized Subjects / Keyword chains: | B
Religious education
B Religious education / Interfaith dialogue |
| Further subjects: | B
Collection of essays
B Religion (General) B Education B Religious education B Education Philosophy B Philosophy B Early Childhood Education |
| Online Access: |
Presumably Free Access Volltext (Publisher) |
| Parallel Edition: | Non-electronic
|
MARC
| LEADER | 00000cam a22000002c 4500 | ||
|---|---|---|---|
| 001 | 1650417292 | ||
| 003 | DE-627 | ||
| 005 | 20260131183456.0 | ||
| 007 | cr uuu---uuuuu | ||
| 008 | 101112s2010 ne |||||o 00| ||eng c | ||
| 020 | |a 9781402092602 |9 978-1-4020-9260-2 | ||
| 024 | 7 | |a 10.1007/978-1-4020-9260-2 |2 doi | |
| 035 | |a (DE-627)1650417292 | ||
| 035 | |a (DE-576)333462394 | ||
| 035 | |a (DE-599)BSZ333462394 | ||
| 035 | |a (OCoLC)774008623 | ||
| 035 | |a (OCoLC)984838057 | ||
| 035 | |a (DE-He213)978-1-402-09260-2 | ||
| 040 | |a DE-627 |b ger |c DE-627 |e rakwb | ||
| 041 | |a eng | ||
| 044 | |c XA-NL |c XA-DE |c XA-GB |c XD-US | ||
| 050 | 0 | |a LC189-214.53 | |
| 050 | 0 | |a BL41 | |
| 072 | 7 | |a JN |2 bicssc | |
| 072 | 7 | |a JHB |2 bicssc | |
| 072 | 7 | |a EDU040000 |2 bisacsh | |
| 082 | 0 | |a 306.43 | |
| 082 | 0 | |a 200.71 |q OCLC | |
| 082 | 0 | |a 207.5 | |
| 082 | 0 | |a 261.2 | |
| 084 | |a 0 |2 ssgn | ||
| 084 | |a BU 5700 |q BVB |2 rvk |0 (DE-625)rvk/16917: | ||
| 100 | 1 | |a Engebretson, Kath |4 aut | |
| 245 | 1 | 0 | |a International Handbook of Inter-religious Education |c edited by Kath Engebretson, Marian Souza, Gloria Durka, Liam Gearon |
| 264 | 1 | |a Dordrecht |a Heidelberg |a London |a New York |b Springer |c 2010 | |
| 300 | |a Online-Ressource (XXVII, 1175p, digital) | ||
| 336 | |a Text |b txt |2 rdacontent | ||
| 337 | |a Computermedien |b c |2 rdamedia | ||
| 338 | |a Online-Ressource |b cr |2 rdacarrier | ||
| 490 | 0 | |a International Handbooks of Religion and Education |v 4 | |
| 490 | 0 | |a SpringerLink |a Bücher | |
| 500 | |a Enthält Teil 1 bis Teil 4 | ||
| 500 | |a Description based upon print version of record | ||
| 505 | 8 | |a Preface; Contents; About the Contributors; About the Editors; Part I The Philosophical and Theoretical Aspects of Interreligious Education; Part II The Pedagogical Aspects of Interreligious Education; Part III An Overview of Part III: Inter-religious Education for Social Justice and Peace; Part IV Inter-religious Education for Citizenship and Human Rights; | |
| 520 | |a This Handbook has the potential to redress the distortion of information about particular religions, to add to understanding about what religions have in common, and to suggest how they can work together for justice and peace. In the present day there is a vital resurgence of interest in religions, with new movements emerging from long established religious traditions. There is also, around the world, a growing sense of the need to preserve indigenous religions, even when these have accommodated to imported traditions. The Handbook gives a voice to this resurgence of interest, and addresses inter-religious education from a range of religious viewpoints and contexts. The publication is very timely especially in light of the need for religions of the world to together contemplate and actively promote human rights, social justice and peace, for religions have a specific mandate for this. TOC:Volume 1: Section 1. The philosophical and theoretical aspects of inter-religious education (Ed. Gloria Durka).- Section 2. Religious education for inter-religious engagement (Ed. Marian de Souza). Volume 2 : Section 3. Inter-religious education for social justice and peace (Ed. Kath Engebretson).- Section 4. Inter-religious education for citizenship and human rights. (Ed. Liam Gearon). | ||
| 650 | 0 | |a Education | |
| 650 | 0 | |a Philosophy | |
| 650 | 0 | |a Early Childhood Education | |
| 650 | 0 | |a Education |x Philosophy | |
| 650 | 0 | |a Religion (General) | |
| 653 | |a Religious education | ||
| 655 | 7 | |a Aufsatzsammlung |0 (DE-588)4143413-4 |0 (DE-627)105605727 |0 (DE-576)209726091 |2 gnd-content | |
| 689 | 0 | 0 | |d s |0 (DE-588)4664707-7 |0 (DE-627)338524010 |0 (DE-576)214808076 |2 gnd |a Interreligiöses Lernen |
| 689 | 0 | |5 DE-101 | |
| 689 | 1 | 0 | |d s |0 (DE-588)4130226-6 |0 (DE-627)104418583 |0 (DE-576)209617160 |2 gnd |a Religiöse Erziehung |
| 689 | 1 | 1 | |d s |0 (DE-588)4192352-2 |0 (DE-627)105235164 |0 (DE-576)210079924 |2 gnd |a Interreligiöser Dialog |
| 689 | 1 | |5 (DE-627) | |
| 700 | 1 | |0 (DE-588)133508064 |0 (DE-627)547686927 |0 (DE-576)258664215 |4 oth |a De Souza, Marian | |
| 700 | 1 | |0 (DE-588)1058905589 |0 (DE-627)797737790 |0 (DE-576)177501529 |4 oth |a Durka, Gloria |d 1939- | |
| 700 | 1 | |0 (DE-588)1034298488 |0 (DE-627)745203612 |0 (DE-576)181931672 |4 oth |a Gearon, Liam |d 1962- | |
| 776 | 1 | |z 9781402092732 | |
| 776 | 0 | 8 | |i Buchausg. u.d.T. |t International handbook of inter-religious education |d Dordrecht : Springer, 20XX |w (DE-627)1403173869 |w (DE-576)333173864 |z 9781402092732 |k Non-Electronic |
| 856 | |u https://link.springer.com/content/pdf/bfm:978-1-4020-9260-2/1?pdf=chapter%20toc |x unpaywall |z Vermutlich kostenfreier Zugang |h repository [oa repository (via OAI-PMH doi match)] | ||
| 856 | 4 | 0 | |u https://doi.org/10.1007/978-1-4020-9260-2 |x Verlag |3 Volltext |7 1 |
| 889 | |w (DE-627)634247131 | ||
| 912 | |a ZDB-2-SHU | ||
| 935 | |h GBV |i ExPruef | ||
| 936 | r | v | |a BU 5700 |b Interkulturelle und interreligiöse Katechese |k Theologie und Religionswissenschaften |k Religionspädagogik und Katechetik |k Aufgaben und Inhalte der religiösen und christlichen Bildung und Erziehung |k Interkulturelle und interreligiöse Katechese |0 (DE-627)1270709933 |0 (DE-625)rvk/16917: |0 (DE-576)200709933 |
| 951 | |a BO | ||
| ACO | |a 1 | ||
| ELC | |a 1 | ||
| OAS | |a 1 | ||
| ORI | |a SA-MARC-ixtheo_oa001.raw | ||
| REL | |a 1 | ||
| STA | 0 | 0 | |a Interfaith dialogue,Interreligious relations,Interreligious dialog,Interreligious encounter,Religious education,Religious education,Interreligious learning |
| STB | 0 | 0 | |a Apprentissage interreligieux,Dialogue interreligieux,Dialogue interreligieux,Éducation religieuse |
| STC | 0 | 0 | |a Aprendizaje inter-religiosa,Diálogo interreligioso,Diálogo inter-religioso,Educación religiosa |
| STD | 0 | 0 | |a Apprendimento interreligioso,Dialogo interreligioso,Dialogo interreligioso,Educazione religiosa |
| STE | 0 | 0 | |a 宗教教育,宗教间关系 |
| STF | 0 | 0 | |a 宗教教育,宗教間關係 |
| STG | 0 | 0 | |a Aprendizagem inter-religiosa,Diálogo inter-religioso,Diálogo inter-religioso,Educação religiosa |
| STH | 0 | 0 | |a Межрелигиозное обучение,Межрелигиозный диалог,Религиозное воспитание |
| STI | 0 | 0 | |a Διαθρησκειακή μάθηση,Διαθρησκειακός διάλογος,Θρησκευτική εκπαίδευση |
| SUB | |a REL | ||
| SYG | 0 | 0 | |a Interreligiöse Bildung,Interreligiöse Erziehung , Glaubenserziehung , Interreligiöse Beziehung,Interreligiöse Begegnung,Interreligiöser Kontakt,Religionskontakt |



